| 000 | 01078nam a22003017a 4500 | ||
|---|---|---|---|
| 003 | DO-SdBNP | ||
| 005 | 20221107142931.0 | ||
| 007 | ta | ||
| 008 | 221107b2019 dr a|||| |||| 00| 0 spa d | ||
| 020 | _a97899945805192 | ||
| 040 |
_aDo-SdBNP _bspa _cBNPHU4 |
||
| 082 | _222 | ||
| 100 | 1 |
_a Morla, Elbi _982744 |
|
| 245 | 1 | 0 |
_aEndocrinología pediátrica básica / _cElbi Morla ; colaborador R. Calzada, I. Bergada, E. Richmond, E. Carvajal ; prólogo Manuel Pombo ; corrector de estilo Juan Morla |
| 260 |
_aSanto Domingo : _bSerigraf, _c2019. |
||
| 300 |
_axii, 379 p. : _bil. ; _c28 cm. |
||
| 500 | _aIncluye datos biográficos del autor en la contracubierta | ||
| 500 | _aLa biblioteca posee 3 ejemplares autográfiado por el autor | ||
| 590 | _aInventariado, 2022/BT | ||
| 700 | 1 |
_aCalzada, R., _ecol. _982745 |
|
| 700 | 1 |
_aBergara, I., _ecol. _982746 |
|
| 700 | 1 |
_aRichmond, E., _ecol. _982747 |
|
| 700 | 1 |
_aCarvajal, E., _ecol. _982748 |
|
| 700 | 1 |
_aPombo, Manuel, _epról. _951306 |
|
| 700 | 1 |
_aMorla, Juan, _ecorre. _982749 |
|
| 910 | _aBtavárez | ||
| 942 |
_2ddc _cLBS1 |
||
| 999 |
_c52822 _d52822 |
||